=LDR 00000nam 2200000 4500 =001 INLIS000000000019107 =005 20130612114217 =008 ***********************************Ind** =035 ##$$0010-061300000019107 =041 ##$$a Ind =082 ##$$a 818.83 =090 ##$$a 818.83, Wei b =100 ##$$a Weir, Donald =245 ##$$a Beack Labster, Donald Weir =260 ##$$a 1960 $b London =300 ##$$a 251 hlm, 32 cm =650 ##$$a Penulisan, Aneka Ragam =850 ##$$a NBPNMAT